| 000 | 01075nam a22003137a 4500 | ||
|---|---|---|---|
| 003 | CHAP | ||
| 005 | 20220329134033.0 | ||
| 008 | 971013s1980 r 00010 d | ||
| 010 | _a14470 | ||
| 011 | _a15442 | ||
| 035 | _a19518 | ||
| 040 | _cCHAP | ||
| 090 | _aTesis | ||
| 100 | 0 | 0 |
_aHernández Landin, Martha. _954205 |
| 245 | _aContribución al estudio anatomotopográfico de la región interdigital en bovino y canino | ||
| 260 |
_aMéxico, D.F. : _bEl Autor, _c1980 |
||
| 300 |
_a23 h. _b: ilus. |
||
| 502 | _aTesis (Médico Veterinario Zootecnista) -- UNAM. Fac. de Medicina Veterinaria y Zootecnia | ||
| 590 |
_aALEPH _b10 _c20130110 _lUCH01 _h1236 |
||
| 590 |
_aBATCH-UPD _b10 _c20130110 _lUCH01 _h2151 |
||
| 590 |
_aBATCH-UPD _b10 _c20130410 _lUCH01 _h1459 |
||
| 590 |
_aBATCH-UPD _b10 _c20130914 _lUCH01 _h1528 |
||
| 590 |
_aCONVERSION _b10 _c20130109 _lUCH01 _h1309 |
||
| 650 | 1 | 4 |
_aGanado vacuno _xAnatomía y fisiología. _945433 |
| 650 | 1 | 4 |
_aPerros _xAnatomía y fisiología. _987269 |
| 901 | _aBK | ||
| 942 | _cTESIS | ||
| 949 |
_bBC _cTES _d-45421 _eTS1 _i19518 _si |
||
| 999 |
_c14470 _d14470 |
||